00391nam a2200097 4500100003300000245015700033260004900190300000900239650002200248650002300270 aWimalasiri,Dilani Chathurika aDNA fingerprinting of the fungus Pyricularia grisea in Sri Lanka by repetitive- PCR method using a single primer based on the transposable element pot2. aColombobInstitute of Chemistry Ceylonc2011 a51 p aDNA fingerpriting apyricularia grisea